Ecological methods: with particular reference to the study of insect populations (Record no. 38901)

MARC details
000 -LEADER
fixed length control field 00412nam a2200145Ia 4500
008 - FIXED-LENGTH DATA ELEMENTS--GENERAL INFORMATION
fixed length control field 230917s9999||||xx |||||||||||||| ||und||
040 ## - CATALOGING SOURCE
-- 72011
Original cataloging agency VIVEKANANDA LIBRARY
041 ## - Language
-- English
082 ## - DDC NUMBER
Classification number 595.7 S89E
100 ## - MAIN ENTRY--PERSONAL NAME
Personal name Southwood, T R E
245 #0 - TITLE STATEMENT
Title Ecological methods: with particular reference to the study of insect populations
260 ## - PUBLICATION, DISTRIBUTION, ETC. (IMPRINT)
Place of publication, distribution, etc London
Name of publisher, distributor, etc Chapman and Hall
Date of publication, distribution, etc 1978
300 ## - PHYSICAL DESCRIPTION
Pages xxiv, 524 p.
942 ## - ADDED ENTRY ELEMENTS (KOHA)
Koha item type Books
Holdings
Withdrawn status Lost status Damaged status Not for loan Location (home branch) Sublocation or collection (holding branch) Date acquired Koha issues (times borrowed) Koha full call number Accession No. Koha date last seen Koha item type
        VIVEKANANDA LIBRARY VIVEKANANDA LIBRARY 11/02/2003   595.7 S89E 104597 17/09/2023 Books
© Designed and Maintained by Vivekananda Library, MDU Rohtak